| Tag |
First Indicator |
Second Indicator |
Subfields |
| LEADER |
00000cam a2200000 a 4500 |
| 001 |
in00000861069 |
| 005 |
20151019103543.0 |
| 008 |
860920s1986 dcua b f00000 eng d |
| 010 |
|
|
|a gp 88010249
|
| 035 |
|
|
|a (OCoLC)14268537
|
| 035 |
|
|
|9 AEH2012AM
|
| 040 |
|
|
|a AGL
|c AGL
|d GPO
|d UtOrBLW
|
| 050 |
|
0 |
|a 88010249
|
| 070 |
|
|
|a 1
|b Ag84Ah no.648
|
| 072 |
|
0 |
|a K510
|a E130
|
| 074 |
|
|
|a 3
|
| 086 |
0 |
|
|a A 1.76:648
|
| 100 |
1 |
|
|a Patterson, David Walter,
|d 1944-
|
| 245 |
1 |
0 |
|a Integrated pest management handbook :
|b SAMTAM : a guide to sawmill profitability for green and beetle-killed timber.
|
| 264 |
|
1 |
|a [Washington, D.C.?] :
|b U.S. Dept. of Agriculture, Forest Service, Cooperative State Research Service,
|c [1986]
|
| 300 |
|
|
|a 31 pages :
|b illustrations (some color) ;
|c 23 cm.
|
| 336 |
|
|
|a text
|b txt
|2 rdacontent
|
| 337 |
|
|
|a unmediated
|b n
|2 rdamedia
|
| 338 |
|
|
|a volume
|b nc
|2 rdacarrier
|
| 490 |
1 |
|
|a Integrated pest management handbook
|
| 490 |
1 |
|
|a Agricultural handbook ;
|v 648
|
| 500 |
|
|
|a Shipping list number: 86-377-P.
|
| 500 |
|
|
|a "February 1986"--Title page verso.
|
| 500 |
|
|
|a Bibliography: page 16.
|
| 650 |
|
0 |
|a Sawmills
|x Data processing.
|
| 650 |
|
0 |
|a Sawmills
|x Economic aspects.
|
| 650 |
|
3 |
|a Sawmills
|x Economic aspects.
|
| 650 |
|
3 |
|a Lumber
|x Economic aspects.
|
| 650 |
|
3 |
|a Timber
|x Economic aspects.
|
| 710 |
1 |
|
|a United States.
|b Forest Service.
|
| 710 |
1 |
|
|a United States.
|b Cooperative State Research Service.
|
| 830 |
|
0 |
|a Integrated pest management handbook.
|
| 830 |
|
0 |
|a Agriculture handbook (United States. Department of Agriculture) ;
|v no. 648.
|
| 999 |
|
|
|a MARS
|
| 999 |
f |
f |
|s 4d4dea21-dcd4-3ad1-805b-9418888b5a38
|i 4fb38355-cbe8-39b8-9603-7a4ff4b8d615
|t 0
|
| 952 |
f |
f |
|p normal
|a Texas A&M University
|b College Station
|c Sterling C. Evans Library
|d Evans: US Documents (Annex 5th floor)
|t 0
|e A 1.76:648
|h Superintendent of Documents classification
|i unmediated -- volume
|m A14816526891
|
| 998 |
f |
f |
|a A 1.76:648
|t 0
|l Evans: US Documents (Annex 5th floor)
|